Pathogenicity of Corynespora cassiicola isolated from several Hevea rubber clones on GT 1 (Record no. 64638)

MARC details
000 -LEADER
fixed length control field 00461nam a2200169Ia 4500
100 ## - MAIN ENTRY--AUTHOR NAME
Personal name Sinulingga W
245 #0 - TITLE STATEMENT
Title Pathogenicity of Corynespora cassiicola isolated from several Hevea rubber clones on GT 1
260 ## - PUBLICATION, DISTRIBUTION, ETC. (IMPRINT)
Name of publisher Bulletin Perkaretan
Year of publication 1990
300 ## - PHYSICAL DESCRIPTION
Number of Pages 8-Mar
500 ## - GENERAL NOTE
General note Source Year: 1994
700 ## - ADDED ENTRY--PERSONAL NAME
Personal name Abbas L J
700 ## - ADDED ENTRY--PERSONAL NAME
Personal name Alwi N
700 ## - ADDED ENTRY--PERSONAL NAME
Personal name Hutabarat T S M
856 ## - ELECTRONIC LOCATION AND ACCESS
Uniform Resource Identifier RPP
942 ## - ADDED ENTRY ELEMENTS (KOHA)
Koha item type Journals
Holdings
Withdrawn status Lost status Damaged status Not for loan Home library Current library Shelving location Date acquired Serial Enumeration / chronology Koha item type
      Journals RRII Library RRII Library Pathology 17/12/2021 Volume 8, Issue 1 Journals